Využitie dizajnu pri komunikácii firmy bakalárska práca

Na minha lista:
Detalhes bibliográficos
Autor principal: Halmová, Zuzana
Autor Corporativo: Obchodná fakulta EU. Katedra tovaroznalectva a kvality tovaru
Outros Autores: Mlákay, Jozef
Formato: Livro
Idioma:eslovaco
Publicado em: Bratislava 2013
Tags: Adicionar Tag
Sem tags, seja o primeiro a adicionar uma tag!

MARC

LEADER 00000nbm a2200000 4500
001 0171221
005 20161109112024.1
041 0 |a slo 
044 |a SK 
245 1 0 |a Využitie dizajnu pri komunikácii firmy  |b bakalárska práca  |c Zuzana Halmová ; školiteľ: Jozef Mlákay 
264 1 |a Bratislava  |c 2013 
300 |a 54 s. 
100 1 |a Halmová, Zuzana 
700 1 |a Mlákay, Jozef 
710 2 |a Obchodná fakulta EU. Katedra tovaroznalectva a kvality tovaru